Statistiques concernant Les régions de France qui boivent le plus

Cliquez ici pour prendre le quiz!

Statistiques générales

  • Ce quiz a été pris 117 fois
  • Le résultat moyen est 3 sur 6

Statistiques - réponses

RégionsRéponses% Correct
1Bretagne
97%
2Pays de la loire
53%
5Corse
47%
6Bourgogne
46%
4Haut de France
37%
3Occitane
7%

Distribution des résultats

Percentile par nombre de réponses

% des personnes avec chaque résultat

Votre développement - résultats

Vous n’avez pas pris ce quiz